000 01085nam a22002537a 4500
005 2011061005435.0
008 110610t xxu||||| |||| 00| 0 mar d
010 _aMAR-20913
020 _c130.00
035 _aMR-13571
037 _bDBAD / PUB
040 _aDPL
_bMR
082 _a891.46301
100 _aदात्ये,ग वि
_928558
245 _aसाक्षात्कार /
_cग वि दात्ये
246 _aSakashatkar
_bby G V Dateye
260 _aकोल्हापूर
_bयशोदा प्रकाशन
_c2009
270 _a725/1,विजयनगर नाका,
_bकोल्हापूर
300 _a144पृ.
_c21सेमी(अजिल्द)
650 _aमराठीकथासंग्रह
_928561
650 _aMarathi Short Stories
_928562
942 _2ddc
_cMR
_h891.46301
_mदात्येग
999 _c52820
_d52820